Bullying: responsabilidad y aspectos legales en la convivencia escolar /

Guardado en:
Autor Principal: Carrillo Noble, Matías
Otros Autores: Seda, Juan Antonio; comp.
Formato: Libro
Publicado: Buenos Aires : Noveduc, 2014
Series:Ensayos y experiencias / Daniel Horacio Kaplan; 90
Materias:
Etiquetas: Agregar Etiqueta
Sin Etiquetas, Sea el primero en etiquetar este registro!
LEADER 01913nam a22002295a 4500
001 CEM.cems014414
005 20140526161452.0
008 130507s2014##################000#0#####d
003 CEMS
020 |a 9789875383920 
082 0 4 |a 371.5 
100 1 |a Carrillo Noble, Matías 
245 1 0 |a Bullying: responsabilidad y aspectos legales en la convivencia escolar /  |c Matías Carrillo Noble ... y Otros ; compilado Por Juan Antonio Seda 
260 |a Buenos Aires :  |b Noveduc,  |c 2014 
300 |a 96 p. 
490 0 |a Ensayos y experiencias / Daniel Horacio Kaplan; 90 
505 0 |a Introducción : Responsabilidad en la convivencia escolar / Juan Antonio Seda -- Hostigamiento y discriminación en la escuela / Juan Antonio Seda, María Noel Fernández Carranza y Mariana Mastrovicenzo -- Responsabilidad civil del docente ante situaciones de bullying / Horacio Izarrualde y Natalia Menéndez Ebrett -- Responsabilidad penal del docente ante el bullying / Rodrigo Coto Araujo, Verónica Garbe y Federico Furlan -- Obligaciones del docente ante el bullying / Matías Carrillo Noble, Ingrid Mariela Maciel y Marcela Natalia Catalano -- Régimen de convivencia escolar y contenidos curriculares / César Zerbini y Mariela Fortunato -- Mediación escolar / Egle Gonçalves Charneca, Florencia Gómez y Cecilia Lavrencic -- Cyber-bullying y acoso escolar / Federico Clavijo, Mariano Galani y Marcelo Piccaardi -- Hostigamiento en la escuela por motivos religiosos / Sabrina Laura Coronel y Natalia Llanos Herrera -- Hostigamiento en la escuela a niños con discapacidad / Juan Antonio Seda y Ayelen Eliana Scinocca -- Panorama internacional de la legislación sobre hostigamiento escolar / Carla Priano, Viviana Damiani y Yamila Cohen Kinrus 
653 |a Educación 
653 |a Violencia escolar 
653 |a Bullying 
700 1 |a Seda, Juan Antonio; comp. 
859 |a CEMS  |b BIB. CEMS - 11 de abril  |h 371.5  |i C235  |p 26977.14  |t Ej.1